00322nam a22001097a 4500008004100000020001400041082001500055100002000070245007200090260004100162300000900203230619b xxu||||| |||| 00| 0 eng d a030835917 a301.1bCHA cEliot D.chapple aCulture and Biological ManbExplorations in Behavioral Anthropology bHolt, Rinehart and winston,Incc1970 a345p